Cyclistes en World Tour 2026 : facile - Statistiques

Statistiques générales
  • Ce quiz a été pris 106 fois
  • Le résultat moyen est 14 sur 16
Statistiques - réponses
Par images Réponse % Correct
Jonas Vingegaard
98%
Tadej Pogacar
98%
Wout van Aert
97%
Mathieu van der Poel
95%
Remco Evenepoel
93%
David Gaudu
92%
Jasper Philipsen
92%
Biniam Girmay
91%
Richard Carapaz
87%
Filippo Ganna
85%
Mads Pedersen
83%
Enric Mas
82%
Arnaud De Lie
79%
Tim Merlier
78%
Matej Mohoric
74%
Tiesj Benoot
69%
Aucun quiz correspondant
Distribution des résultats
% des personnes avec chaque résultat
Percentile par nombre de réponses
Votre historique - résultats
Vous n’avez pas pris ce quiz